01163nac a22003011u 4500010001700000020002800017020002800045082001700073090001500090100003400105245009100139260004500230300003900275500004200314504005100356511002600407650004200433650003000475650001900505650002900524650003100553700002600584700002300610856008100633942001900714999001500733952011300748 a 2002000891 a0631225579 (alk. paper) a0631225587 (alk. paper)00a303.482bGEO c8918d8918 a20080729 00aGeographies of power :bplacing scale /cedited by Andrew Herod and Melissa W. Wright. aMalden, MA :bBlackwell Pub.,2002c2002. axi, 315 p. :bill., maps ;c24 cm. adistributer: Scientific home bookshop aIncludes bibliographical references and index. acatalogued by: wessam 0aSeptember 11 Terrorist Attacks, 2001. 0aTerrorismzUnited States. 0aGlobalization. 0aInternational relations. 0aWorld politicsy1995-2005.1 aHerod, Andrew,d1964-1 aWright, Melissa W.413Table of contents onlyuhttp://www.loc.gov/catdir/toc/fy0711/2002000891.html cBBk303.482GEO c8918d8918 00104070aMAINbMAINc1STd2008-03-30ePurchasel0o303.482GEOp000010442r2025-07-15 00:00:00v325.00yBB